Bio-erdgas - erneuerbar, speicherbar und vielseitig

Salvato in:
Dettagli Bibliografici
Autore principale: Loscar, Franz-Josef
Natura: Capitolo di libro
Lingua:tedesco
Soggetti:
Tags: Aggiungi Tag
Nessun Tag, puoi essere il primo ad aggiungerne!!

MARC

LEADER 00000nla$a2200000$$$4500
001 0124578
005 20260202110239.3
041 0 |a ger 
044 |a SK 
245 1 0 |a Bio-erdgas - erneuerbar, speicherbar und vielseitig  |c Franz-Josef Loscar 
610 2 0 |a plyn zemný 
610 2 0 |a energia tepelná 
610 2 0 |a suroviny nerastné 
610 2 0 |a zdroje surovinové 
610 2 0 |a spotreba energie 
610 2 0 |a ceny obchodné 
610 2 0 |a domácnosti 
100 1 |a Loscar, Franz-Josef